[Event "178th Stay Safe Play From Home series"]
[Site "T#646379Emanuel Laske"]
[Date "2020.05.27"]
[Round "2"]
[White "Fischer_11"]
[Black "Emresenar"]
[Result "1-0"]
[WhiteElo "1940"]
[BlackElo "1744"]
[Annotator "NA"]
[PlyCount "93"]
[EventDate "2020.05.27"]
[EventType "swiss (blitz)"]

1. e4 {[%emt 0:00:02]} b6 {[%emt 0:00:00]} 2. d4 {[%emt 0:00:01]} Bb7 {[%emt 0:00:00]} 3. Nc3 {[%emt 0:00:00]} g6 {[%emt 0:00:02]} 4. Bd3 {[%emt 0:00:00]} Bg7 {[%emt 0:00:00]} 5. Qe2 {[%emt 0:00:01]} d6 {[%emt 0:00:00]} 6. Nf3 {[%emt 0:00:00]} Nd7 {[%emt 0:00:01]} 7. e5 {[%emt 0:00:00]} dxe5 {[%emt 0:00:01]} 8. Nxe5 {[%emt 0:00:00]} Nxe5 {[%emt 0:00:01]} 9. dxe5 {[%emt 0:00:00]} Bxg2 {[%emt 0:00:01]} 10. Rg1 {[%emt 0:00:01]} Bb7 {[%emt 0:00:01]} 11. Bb5+ {[%emt 0:00:01]} c6 {[%emt 0:00:01]} 12. Bc4 {[%emt 0:00:00]} Qc7 {[%emt 0:00:01]} 13. Bf4 {[%emt 0:00:02]} e6 {[%emt 0:00:02]} 14. O-O-O {[%emt 0:00:02]} Ne7 {[%emt 0:00:01]} 15. h4 {[%emt 0:00:02]} Nd5 {[%emt 0:00:01]} 16. Qf3 {[%emt 0:00:04]} O-O-O {[%emt 0:00:04]} 17. Bg5 {[%emt 0:00:02]} Rd7 {[%emt 0:00:03]} 18. Bxd5 {[%emt 0:00:03]} cxd5 {[%emt 0:00:03]} 19. Nb5 {[%emt 0:00:01]} Qc5 {[%emt 0:00:03]} 20. Nd6+ {[%emt 0:00:01]} Kb8 {[%emt 0:00:02]} 21. Nxb7 {[%emt 0:00:01]} Rxb7 {[%emt 0:00:01]} 22. Rd3 {[%emt 0:00:01]} Rc8 {[%emt 0:00:03]} 23. Rc3 {[%emt 0:00:01]} Qd4 {[%emt 0:00:02]} 24. Rxc8+ {[%emt 0:00:02]} Kxc8 {[%emt 0:00:00]} 25. Bf6 {[%emt 0:00:01]} Bxf6 {[%emt 0:00:03]} 26. Qxf6 {[%emt 0:00:04]} h5 {[%emt 0:00:04]} 27. Rd1 {[%emt 0:00:01]} Qc5 {[%emt 0:00:06]} 28. Rd3 {[%emt 0:00:02]} Rc7 {[%emt 0:00:01]} 29. Rc3 {[%emt 0:00:02]} Qf8 {[%emt 0:00:01]} 30. Rxc7+ {[%emt 0:00:02]} Kxc7 {[%emt 0:00:00]} 31. b3 {[%emt 0:00:01]} Kd7 {[%emt 0:00:00]} 32. Kb2 {[%emt 0:00:00]} Qe7 {[%emt 0:00:01]} 33. Qf4 {[%emt 0:00:01]} Kc6 {[%emt 0:00:02]} 34. Qa4+ {[%emt 0:00:00]} Kb7 {[%emt 0:00:01]} 35. Qd4 {[%emt 0:00:01]} Qc7 {[%emt 0:00:01]} 36. Qd3 {[%emt 0:00:01]} Qc5 {[%emt 0:00:00]} 37. Qf3 {[%emt 0:00:01]} Qc7 {[%emt 0:00:01]} 38. c3 {[%emt 0:00:01]} Qxe5 {[%emt 0:00:01]} 39. Kc2 {[%emt 0:00:00]} Qf5+ {[%emt 0:00:01]} 40. Qd3 {[%emt 0:00:00]} Qxd3+ {[%emt 0:00:01]} 41. Kxd3 {[%emt 0:00:00]} Kc6 {[%emt 0:00:00]} 42. Kd4 {[%emt 0:00:00]} Kd6 {[%emt 0:00:01]} 43. f4 {[%emt 0:00:00]} e5+ {[%emt 0:00:00]} 44. fxe5+ {[%emt 0:00:01]} Ke6 {[%emt 0:00:00]} 45. c4 {[%emt 0:00:00]} f6 {[%emt 0:00:01]} 46. cxd5+ {[%emt 0:00:00]} Ke7 {[%emt 0:00:01]} 47. e6 {[%emt 0:00:00] '} 1-0

[Event "178th Stay Safe Play From Home series"]
[Site "T#646379Emanuel Laske"]
[Date "2020.05.27"]
[Round "2"]
[White "SecantFX"]
[Black "Lazieri3"]
[Result "1/2-1/2"]
[WhiteElo "1885"]
[BlackElo "2072"]
[Annotator "RC"]
[PlyCount "81"]
[EventDate "2020.05.27"]
[EventType "swiss (blitz)"]

1. g3 {[%emt 0:00:03]} c6 {[%emt 0:00:00]} 2. Bg2 {[%emt 0:00:00]} d5 {[%emt 0:00:00]} 3. f4 {[%emt 0:00:00]} Nf6 {[%emt 0:00:01]} 4. c3 {[%emt 0:00:00]} Bg4 {[%emt 0:00:02]} 5. d4 {[%emt 0:00:00]} e6 {[%emt 0:00:02]} 6. h3 {[%emt 0:00:00]} Bf5 {[%emt 0:00:01]} 7. g4 {[%emt 0:00:00]} Be4 {[%emt 0:00:01]} 8. Nf3 {[%emt 0:00:00]} h6 {[%emt 0:00:02]} 9. O-O {[%emt 0:00:01]} c5 {[%emt 0:00:02]} 10. Nbd2 {[%emt 0:00:00]} cxd4 {[%emt 0:00:01]} 11. Nxd4 {[%emt 0:00:00]} Bxg2 {[%emt 0:00:01]} 12. Kxg2 {[%emt 0:00:00]} Bc5 {[%emt 0:00:01]} 13. e3 {[%emt 0:00:01]} Nc6 {[%emt 0:00:01]} 14. Qf3 {[%emt 0:00:01]} Qb6 {[%emt 0:00:03]} 15. a3 {[%emt 0:00:01]} O-O-O {[%emt 0:00:02]} 16. b4 {[%emt 0:00:01]} Bxd4 {[%emt 0:00:02]} 17. cxd4 {[%emt 0:00:02]} Kb8 {[%emt 0:00:03]} 18. Nb3 {[%emt 0:00:01]} Qc7 {[%emt 0:00:03]} 19. Bd2 {[%emt 0:00:01]} b6 {[%emt 0:00:01]} 20. Rfc1 {[%emt 0:00:00]} Qd7 {[%emt 0:00:02]} 21. a4 {[%emt 0:00:02]} Rc8 {[%emt 0:00:02]} 22. b5 {[%emt 0:00:01]} Na5 {[%emt 0:00:01]} 23. Nxa5 {[%emt 0:00:01]} bxa5 {[%emt 0:00:02]} 24. Bxa5 {[%emt 0:00:01]} Rxc1 {[%emt 0:00:00]} 25. Rxc1 {[%emt 0:00:01]} Rc8 {[%emt 0:00:00]} 26. Rxc8+ {[%emt 0:00:01]} Qxc8 {[%emt 0:00:01]} 27. Qe2 {[%emt 0:00:00]} Qc1 {[%emt 0:00:01]} 28. Kf3 {[%emt 0:00:01]} Ne4 {[%emt 0:00:01]} 29. h4 {[%emt 0:00:04]} Qh1+ {[%emt 0:00:01]} 30. Qg2 {[%emt 0:00:02]} Qxh4 {[%emt 0:00:01]} 31. b6 {[%emt 0:00:03]} axb6 {[%emt 0:00:01]} 32. Bxb6 {[%emt 0:00:01]} Kb7 {[%emt 0:00:00]} 33. Bc5 {[%emt 0:00:01]} h5 {[%emt 0:00:03]} 34. Qb2+ {[%emt 0:00:02]} Kc8 {[%emt 0:00:00]} 35. Qg2 {[%emt 0:00:04]} hxg4+ {[%emt 0:00:03]} 36. Qxg4 {[%emt 0:00:01]} Qh1+ {[%emt 0:00:02]} 37. Qg2 {[%emt 0:00:01]} Qd1+ {[%emt 0:00:01]} 38. Qe2 {[%emt 0:00:02]} Qh1+ {[%emt 0:00:01]} 39. Qg2 {[%emt 0:00:01]} Nd2+ {[%emt 0:00:02]} 40. Kf2 {[%emt 0:00:01]} Ne4+ {[%emt 0:00:02]} 41. Kf3 {[%emt 0:00:01] (Lag: Av=0.49s, max=1.0s)} 1/2-1/2

[Event "178th Stay Safe Play From Home series"]
[Site "T#646379Emanuel Laske"]
[Date "2020.05.27"]
[Round "2"]
[White "NeatFox"]
[Black "The Next Contender"]
[Result "1-0"]
[WhiteElo "1844"]
[BlackElo "1886"]
[Annotator "NA RC"]
[PlyCount "109"]
[EventDate "2020.05.27"]
[EventType "swiss (blitz)"]

1. g4 {[%emt 0:00:01]} d5 {[%emt 0:00:00]} 2. Bg2 {[%emt 0:00:00]} c6 {[%emt 0:00:02]} 3. c4 {[%emt 0:00:01]} Bxg4 {[%emt 0:00:02]} 4. cxd5 {[%emt 0:00:00]} cxd5 {[%emt 0:00:01]} 5. Qb3 {[%emt 0:00:00]} Bc8 {[%emt 0:00:06]} 6. Bxd5 {[%emt 0:00:01]} e6 {[%emt 0:00:04]} 7. Bxb7 {[%emt 0:00:01]} Bxb7 {[%emt 0:00:01]} 8. Qxb7 {[%emt 0:00:00]} Nd7 {[%emt 0:00:00]} 9. Nc3 {[%emt 0:00:00]} Ngf6 {[%emt 0:00:01]} 10. Nb5 {[%emt 0:00:01]} Rc8 {[%emt 0:00:03]} 11. Qxa7 {[%emt 0:00:01]} Bc5 {[%emt 0:00:02]} 12. Qa4 {[%emt 0:00:01]} O-O {[%emt 0:00:02]} 13. d4 {[%emt 0:00:01]} Bb6 {[%emt 0:00:01]} 14. e3 {[%emt 0:00:01]} Ra8 {[%emt 0:00:00]} 15. Qd1 {[%emt 0:00:02]} e5 {[%emt 0:00:01]} 16. dxe5 {[%emt 0:00:01]} Nxe5 {[%emt 0:00:01]} 17. Nd4 {[%emt 0:00:01]} Qc7 {[%emt 0:00:02]} 18. Bd2 {[%emt 0:00:01]} Qb7 {[%emt 0:00:02]} 19. Bc3 {[%emt 0:00:01]} Qxh1 {[%emt 0:00:02]} 20. Ke2 {[%emt 0:00:01]} Qe4 {[%emt 0:00:05]} 21. f3 {[%emt 0:00:04]} Qh4 {[%emt 0:00:02]} 22. f4 {[%emt 0:00:04]} Qxh2+ {[%emt 0:00:01]} 23. Ke1 {[%emt 0:00:02]} Nc4 {[%emt 0:00:01]} 24. Ngf3 {[%emt 0:00:02]} Qg3+ {[%emt 0:00:02]} 25. Ke2 {[%emt 0:00:01]} Qg2+ {[%emt 0:00:01]} 26. Kd3 {[%emt 0:00:01]} Rac8 {[%emt 0:00:03]} 27. b3 {[%emt 0:00:01]} Na5 {[%emt 0:00:01]} 28. Bxa5 {[%emt 0:00:01]} Bxa5 {[%emt 0:00:00]} 29. Rc1 {[%emt 0:00:02]} Rxc1 {[%emt 0:00:02]} 30. Qxc1 {[%emt 0:00:00]} Qg6+ {[%emt 0:00:02]} 31. Ke2 {[%emt 0:00:01]} Qe4 {[%emt 0:00:00]} 32. Qc2 {[%emt 0:00:01]} Qxc2+ {[%emt 0:00:02]} 33. Nxc2 {[%emt 0:00:00]} Nd5 {[%emt 0:00:01]} 34. Ncd4 {[%emt 0:00:00]} Nb4 {[%emt 0:00:00]} 35. a3 {[%emt 0:00:02]} Na2 {[%emt 0:00:01]} 36. b4 {[%emt 0:00:01]} Bb6 {[%emt 0:00:01]} 37. Nc6 {[%emt 0:00:01]} Bc7 {[%emt 0:00:01]} 38. b5 {[%emt 0:00:02]} Re8 {[%emt 0:00:00]} 39. a4 {[%emt 0:00:01]} Bxf4 {[%emt 0:00:00]} 40. b6 {[%emt 0:00:04]} Bxe3 {[%emt 0:00:01]} 41. Kf1 {[%emt 0:00:01]} Bxb6 {[%emt 0:00:00]} 42. a5 {[%emt 0:00:01]} Bxa5 {[%emt 0:00:00]} 43. Nxa5 {[%emt 0:00:01]} Nc3 {[%emt 0:00:00]} 44. Nc4 {[%emt 0:00:01]} Ne4 {[%emt 0:00:00]} 45. Ne3 {[%emt 0:00:01]} Nf6 {[%emt 0:00:01]} 46. Kf2 {[%emt 0:00:00]} Ra8 {[%emt 0:00:00]} 47. Nf5 {[%emt 0:00:00]} Ra2+ {[%emt 0:00:00]} 48. Kg3 {[%emt 0:00:00]} g6 {[%emt 0:00:00]} 49. Ne7+ {[%emt 0:00:00]} Kg7 {[%emt 0:00:00]} 50. Nc6 {[%emt 0:00:00]} Ne4+ {[%emt 0:00:00]} 51. Kf4 {[%emt 0:00:01]} Nd6 {[%emt 0:00:00]} 52. Nfe5 {[%emt 0:00:00]} Nf5 {[%emt 0:00:00]} 53. Nxf7 {[%emt 0:00:00]} Ra4+ {[%emt 0:00:00]} 54. Ke5 {[%emt 0:00:01]} Kxf7 {[%emt 0:00:00]} 55. Nd8+ {[%emt 0:00:01] Time (Lag: Av=0.52s, max=1.0s)} 1-0

[Event "178th Stay Safe Play From Home series"]
[Site "T#646379Emanuel Laske"]
[Date "2020.05.27"]
[Round "3"]
[White "Eidgenosse"]
[Black "Lamborghini"]
[Result "1-0"]
[WhiteElo "2420"]
[BlackElo "2213"]
[Annotator "RC"]
[PlyCount "111"]
[EventDate "2020.05.27"]
[EventType "swiss (blitz)"]

1. Nf3 {[%emt 0:00:00]} Nf6 {[%emt 0:00:02]} 2. g3 {[%emt 0:00:00]} g6 {[%emt 0:00:00]} 3. Bg2 {[%emt 0:00:00]} Bg7 {[%emt 0:00:00]} 4. O-O {[%emt 0:00:00]} O-O {[%emt 0:00:00]} 5. d3 {[%emt 0:00:00]} c6 {[%emt 0:00:00]} 6. Nbd2 {[%emt 0:00:00]} d6 {[%emt 0:00:01]} 7. e4 {[%emt 0:00:00]} Nfd7 {[%emt 0:00:01]} 8. Nh4 {[%emt 0:00:01]} Re8 {[%emt 0:00:00]} 9. f4 {[%emt 0:00:01]} Nf8 {[%emt 0:00:00]} 10. f5 {[%emt 0:00:01]} Na6 {[%emt 0:00:01]} 11. Qe2 {[%emt 0:00:01]} Nc7 {[%emt 0:00:02]} 12. Ndf3 {[%emt 0:00:02]} Nd7 {[%emt 0:00:01]} 13. Bg5 {[%emt 0:00:01]} Nf6 {[%emt 0:00:01]} 14. Qd2 {[%emt 0:00:01]} a5 {[%emt 0:00:02]} 15. Bh6 {[%emt 0:00:01]} Nb5 {[%emt 0:00:03]} 16. Bxg7 {[%emt 0:00:02]} Kxg7 {[%emt 0:00:01]} 17. Qg5 {[%emt 0:00:01]} h6 {[%emt 0:00:02]} 18. Qd2 {[%emt 0:00:01]} Qb6+ {[%emt 0:00:04]} 19. Kh1 {[%emt 0:00:01]} Nd4 {[%emt 0:00:01]} 20. fxg6 {[%emt 0:00:03]} Nxf3 {[%emt 0:00:04]} 21. Rxf3 {[%emt 0:00:02]} fxg6 {[%emt 0:00:01]} 22. c3 {[%emt 0:00:01]} Bg4 {[%emt 0:00:01]} 23. Rf2 {[%emt 0:00:01]} Rf8 {[%emt 0:00:01]} 24. Raf1 {[%emt 0:00:01]} a4 {[%emt 0:00:01]} 25. h3 {[%emt 0:00:02]} Bd7 {[%emt 0:00:01]} 26. g4 {[%emt 0:00:01]} Qc5 {[%emt 0:00:01]} 27. d4 {[%emt 0:00:06]} Qg5 {[%emt 0:00:01]} 28. Qxg5 {[%emt 0:00:00]} hxg5 {[%emt 0:00:01]} 29. Nf3 {[%emt 0:00:01]} Nh7 {[%emt 0:00:01]} 30. Nd2 {[%emt 0:00:03]} a3 {[%emt 0:00:01]} 31. b3 {[%emt 0:00:01]} Rxf2 {[%emt 0:00:01]} 32. Rxf2 {[%emt 0:00:00]} e5 {[%emt 0:00:01]} 33. Kg1 {[%emt 0:00:03]} Be6 {[%emt 0:00:03]} 34. Kf1 {[%emt 0:00:01]} Nf6 {[%emt 0:00:01]} 35. Ke2 {[%emt 0:00:01]} c5 {[%emt 0:00:00]} 36. d5 {[%emt 0:00:03]} Bd7 {[%emt 0:00:01]} 37. Ke3 {[%emt 0:00:01]} b5 {[%emt 0:00:01]} 38. Nf3 {[%emt 0:00:01]} Bxg4 {[%emt 0:00:02]} 39. Nxg5 {[%emt 0:00:02]} Bd7 {[%emt 0:00:02]} 40. Bf1 {[%emt 0:00:01]} b4 {[%emt 0:00:01]} 41. c4 {[%emt 0:00:01]} Rh8 {[%emt 0:00:01]} 42. Bg2 {[%emt 0:00:01]} Be8 {[%emt 0:00:02]} 43. Rd2 {[%emt 0:00:01]} Bd7 {[%emt 0:00:01]} 44. Ne6+ {[%emt 0:00:00]} Bxe6 {[%emt 0:00:01]} 45. dxe6 {[%emt 0:00:00]} Rd8 {[%emt 0:00:01]} 46. e7 {[%emt 0:00:01]} Re8 {[%emt 0:00:01]} 47. Rxd6 {[%emt 0:00:01]} Rxe7 {[%emt 0:00:00]} 48. Rc6 {[%emt 0:00:00]} Rf7 {[%emt 0:00:01]} 49. Rxc5 {[%emt 0:00:00]} Nh5 {[%emt 0:00:00]} 50. Rxe5 {[%emt 0:00:01]} Nf4 {[%emt 0:00:00]} 51. Bf3 {[%emt 0:00:00]} Nxh3 {[%emt 0:00:01]} 52. Rd5 {[%emt 0:00:00]} Ng5 {[%emt 0:00:01]} 53. c5 {[%emt 0:00:00]} Nxf3 {[%emt 0:00:01]} 54. e5 {[%emt 0:00:01]} Nxe5 {[%emt 0:00:01]} 55. Rxe5 {[%emt 0:00:01]} Kf6 {[%emt 0:00:00]} 56. Ke4 {[%emt 0:00:00] Zeit (Lag: Av=0.20s, max=0.4s)} 1-0

[Event "178th Stay Safe Play From Home series"]
[Site "T#646379Emanuel Laske"]
[Date "2020.05.27"]
[Round "3"]
[White "Mepe_Nika"]
[Black "SoulofWolf"]
[Result "0-1"]
[WhiteElo "2296"]
[BlackElo "2163"]
[Annotator "RC"]
[PlyCount "74"]
[EventDate "2020.05.27"]
[EventType "swiss (blitz)"]

1. d4 {[%emt 0:00:03]} e6 {[%emt 0:00:00]} 2. e4 {[%emt 0:00:01]} d5 {[%emt 0:00:00]} 3. Nc3 {[%emt 0:00:01]} c6 {[%emt 0:00:01]} 4. Nf3 {[%emt 0:00:02]} Bb4 {[%emt 0:00:01]} 5. Bd3 {[%emt 0:00:02]} Ne7 {[%emt 0:00:02]} 6. Qe2 {[%emt 0:00:01]} Ng6 {[%emt 0:00:00]} 7. Bd2 {[%emt 0:00:01]} a6 {[%emt 0:00:01]} 8. h4 {[%emt 0:00:01]} Bd6 {[%emt 0:00:03]} 9. g3 {[%emt 0:00:01]} Be7 {[%emt 0:00:03]} 10. h5 {[%emt 0:00:01]} Nf8 {[%emt 0:00:00]} 11. O-O-O {[%emt 0:00:01]} Nbd7 {[%emt 0:00:00]} 12. exd5 {[%emt 0:00:02]} cxd5 {[%emt 0:00:01]} 13. h6 {[%emt 0:00:02]} g6 {[%emt 0:00:01]} 14. Rhe1 {[%emt 0:00:00]} b5 {[%emt 0:00:04]} 15. Bf4 {[%emt 0:00:01]} Bb7 {[%emt 0:00:01]} 16. Ne5 {[%emt 0:00:01]} Qb6 {[%emt 0:00:02]} 17. Kb1 {[%emt 0:00:03]} Nxe5 {[%emt 0:00:03]} 18. Bxe5 {[%emt 0:00:02]} f6 {[%emt 0:00:00]} 19. Bf4 {[%emt 0:00:01]} O-O-O {[%emt 0:00:00]} 20. Qe3 {[%emt 0:00:03]} Bc6 {[%emt 0:00:01]} 21. Be2 {[%emt 0:00:01]} Qb7 {[%emt 0:00:01]} 22. Bf3 {[%emt 0:00:01]} Qd7 {[%emt 0:00:01]} 23. Ne2 {[%emt 0:00:02]} g5 {[%emt 0:00:01]} 24. Nc1 {[%emt 0:00:02]} Ng6 {[%emt 0:00:01]} 25. Bxg5 {[%emt 0:00:02]} fxg5 {[%emt 0:00:01]} 26. Nd3 {[%emt 0:00:00]} Rhf8 {[%emt 0:00:03]} 27. Bg4 {[%emt 0:00:01]} Rf6 {[%emt 0:00:01]} 28. Bxe6 {[%emt 0:00:03]} Rxe6 {[%emt 0:00:00]} 29. Qxe6 {[%emt 0:00:01]} Qxe6 {[%emt 0:00:00]} 30. Rxe6 {[%emt 0:00:01]} Kd7 {[%emt 0:00:00]} 31. Rde1 {[%emt 0:00:01]} Bd6 {[%emt 0:00:01]} 32. Nc5+ {[%emt 0:00:02]} Bxc5 {[%emt 0:00:01]} 33. dxc5 {[%emt 0:00:00]} Rf8 {[%emt 0:00:05]} 34. Rd6+ {[%emt 0:00:01]} Kc7 {[%emt 0:00:00]} 35. Ree6 {[%emt 0:00:01]} Bd7 {[%emt 0:00:00]} 36. Rf6 {[%emt 0:00:02]} Re8 {[%emt 0:00:00]} 37. Rf7 {[%emt 0:00:02]} Re1# {[%emt 0:00:01] (Lag: Av=0.36s, max=0.8s)} 0-1

[Event "178th Stay Safe Play From Home series"]
[Site "T#646379Emanuel Laske"]
[Date "2020.05.27"]
[Round "3"]
[White "Lazieri3"]
[Black "NeatFox"]
[Result "1-0"]
[WhiteElo "2063"]
[BlackElo "1863"]
[Annotator "RC"]
[PlyCount "91"]
[EventDate "2020.05.27"]
[EventType "swiss (blitz)"]

1. e4 {[%emt 0:00:01]} b6 {[%emt 0:00:00]} 2. Nc3 {[%emt 0:00:00]} Bb7 {[%emt 0:00:00]} 3. d4 {[%emt 0:00:00]} g5 {[%emt 0:00:00]} 4. Be3 {[%emt 0:00:00]} h6 {[%emt 0:00:00]} 5. h4 {[%emt 0:00:01]} Bg7 {[%emt 0:00:01]} 6. Qd2 {[%emt 0:00:02]} gxh4 {[%emt 0:00:01]} 7. Rxh4 {[%emt 0:00:01]} e6 {[%emt 0:00:01]} 8. g3 {[%emt 0:00:02]} Nc6 {[%emt 0:00:02]} 9. Bg2 {[%emt 0:00:01]} d5 {[%emt 0:00:01]} 10. exd5 {[%emt 0:00:01]} exd5 {[%emt 0:00:00]} 11. Nf3 {[%emt 0:00:02]} Nce7 {[%emt 0:00:01]} 12. O-O-O {[%emt 0:00:03]} Qd7 {[%emt 0:00:01]} 13. Bh3 {[%emt 0:00:02]} Qd6 {[%emt 0:00:01]} 14. Re1 {[%emt 0:00:02]} Bc8 {[%emt 0:00:02]} 15. Bf4 {[%emt 0:00:01]} Qd8 {[%emt 0:00:01]} 16. Bxc8 {[%emt 0:00:03]} Qxc8 {[%emt 0:00:01]} 17. Nxd5 {[%emt 0:00:02]} c6 {[%emt 0:00:04]} 18. Nc7+ {[%emt 0:00:01]} Kf8 {[%emt 0:00:00]} 19. Nxa8 {[%emt 0:00:01]} Qxa8 {[%emt 0:00:00]} 20. Bd6 {[%emt 0:00:01]} c5 {[%emt 0:00:03]} 21. Rhe4 {[%emt 0:00:02]} cxd4 {[%emt 0:00:04]} 22. Bxe7+ {[%emt 0:00:01]} Nxe7 {[%emt 0:00:00]} 23. Rxe7 {[%emt 0:00:01]} Bf6 {[%emt 0:00:01]} 24. Re8+ {[%emt 0:00:01]} Kg7 {[%emt 0:00:00]} 25. Rxa8 {[%emt 0:00:01]} Rxa8 {[%emt 0:00:00]} 26. Nh4 {[%emt 0:00:01]} Rc8 {[%emt 0:00:01]} 27. Nf5+ {[%emt 0:00:01]} Kg6 {[%emt 0:00:01]} 28. Qd3 {[%emt 0:00:00]} Kh5 {[%emt 0:00:03]} 29. Qf3+ {[%emt 0:00:04]} Kg5 {[%emt 0:00:01]} 30. Rh1 {[%emt 0:00:02]} Kg6 {[%emt 0:00:03]} 31. Rxh6+ {[%emt 0:00:03]} Kg5 {[%emt 0:00:02]} 32. Rxf6 {[%emt 0:00:01]} Kxf6 {[%emt 0:00:01]} 33. Nd6+ {[%emt 0:00:01]} Ke6 {[%emt 0:00:02]} 34. Nxc8 {[%emt 0:00:00]} f6 {[%emt 0:00:00]} 35. Qe4+ {[%emt 0:00:01]} Kd7 {[%emt 0:00:01]} 36. Qxd4+ {[%emt 0:00:01]} Kc7 {[%emt 0:00:01]} 37. Qxf6 {[%emt 0:00:00]} Kb7 {[%emt 0:00:01]} 38. Nxb6 {[%emt 0:00:01]} Ka6 {[%emt 0:00:00]} 39. Nc8+ {[%emt 0:00:01]} Ka5 {[%emt 0:00:00]} 40. Nxa7 {[%emt 0:00:00]} Kb4 {[%emt 0:00:00]} 41. g4 {[%emt 0:00:01]} Kc5 {[%emt 0:00:00]} 42. g5 {[%emt 0:00:00]} Kd5 {[%emt 0:00:01]} 43. g6 {[%emt 0:00:00]} Ke4 {[%emt 0:00:00]} 44. g7 {[%emt 0:00:01]} Kd5 {[%emt 0:00:00]} 45. g8=Q+ {[%emt 0:00:01]} Ke4 {[%emt 0:00:01]} 46. Qge6# {[%emt 0:00:00] (Lag: Av=0.46s, max=0.7s)} 1-0

[Event "178th Stay Safe Play From Home series"]
[Site "T#646379Emanuel Laske"]
[Date "2020.05.27"]
[Round "3"]
[White "Fischer_11"]
[Black "BrainThinker22"]
[Result "0-1"]
[WhiteElo "1948"]
[BlackElo "2217"]
[Annotator "NA"]
[PlyCount "98"]
[EventDate "2020.05.27"]
[EventType "swiss (blitz)"]

1. e4 {[%emt 0:00:02]} c6 {[%emt 0:00:00]} 2. d4 {[%emt 0:00:01]} d5 {[%emt 0:00:00]} 3. exd5 {[%emt 0:00:00]} cxd5 {[%emt 0:00:00]} 4. c4 {[%emt 0:00:01]} Nf6 {[%emt 0:00:01]} 5. Nc3 {[%emt 0:00:00]} e6 {[%emt 0:00:00]} 6. Bg5 {[%emt 0:00:00]} Be7 {[%emt 0:00:01]} 7. c5 {[%emt 0:00:00]} O-O {[%emt 0:00:01]} 8. Bb5 {[%emt 0:00:01]} a6 {[%emt 0:00:01]} 9. Bd3 {[%emt 0:00:01]} Bd7 {[%emt 0:00:00]} 10. Nf3 {[%emt 0:00:00]} h6 {[%emt 0:00:00]} 11. Bh4 {[%emt 0:00:01]} Nc6 {[%emt 0:00:01]} 12. a3 {[%emt 0:00:02]} Rc8 {[%emt 0:00:01]} 13. b4 {[%emt 0:00:01]} Re8 {[%emt 0:00:01]} 14. O-O {[%emt 0:00:01]} g5 {[%emt 0:00:02]} 15. Bg3 {[%emt 0:00:00]} Nh5 {[%emt 0:00:01]} 16. Bc2 {[%emt 0:00:07]} Nxg3 {[%emt 0:00:01]} 17. fxg3 {[%emt 0:00:01]} f5 {[%emt 0:00:00]} 18. Qd3 {[%emt 0:00:05]} Rf8 {[%emt 0:00:01]} 19. g4 {[%emt 0:00:01]} Bf6 {[%emt 0:00:01]} 20. gxf5 {[%emt 0:00:01]} exf5 {[%emt 0:00:00]} 21. Nxd5 {[%emt 0:00:04]} Be6 {[%emt 0:00:01]} 22. Nxf6+ {[%emt 0:00:01]} Qxf6 {[%emt 0:00:00]} 23. d5 {[%emt 0:00:02]} Rcd8 {[%emt 0:00:00]} 24. d6 {[%emt 0:00:07]} Ne5 {[%emt 0:00:03]} 25. Nxe5 {[%emt 0:00:01]} Qxe5 {[%emt 0:00:00]} 26. Rae1 {[%emt 0:00:01]} Qd5 {[%emt 0:00:05]} 27. Qxd5 {[%emt 0:00:02]} Bxd5 {[%emt 0:00:00]} 28. Rxf5 {[%emt 0:00:01]} Rfe8 {[%emt 0:00:02]} 29. Rxe8+ {[%emt 0:00:03]} Rxe8 {[%emt 0:00:00]} 30. Rxd5 {[%emt 0:00:01]} Rd8 {[%emt 0:00:00]} 31. Bf5 {[%emt 0:00:02]} Kf7 {[%emt 0:00:01]} 32. Bg4 {[%emt 0:00:01]} Kf6 {[%emt 0:00:01]} 33. Rf5+ {[%emt 0:00:01]} Kg7 {[%emt 0:00:01]} 34. Re5 {[%emt 0:00:00]} Kf7 {[%emt 0:00:01]} 35. Re7+ {[%emt 0:00:00]} Kf6 {[%emt 0:00:01]} 36. Rxb7 {[%emt 0:00:00]} Re8 {[%emt 0:00:00]} 37. Bf3 {[%emt 0:00:01]} Re1+ {[%emt 0:00:02]} 38. Kf2 {[%emt 0:00:00]} Rc1 {[%emt 0:00:00]} 39. d7 {[%emt 0:00:01]} Ke7 {[%emt 0:00:01]} 40. c6 {[%emt 0:00:01]} Kd8 {[%emt 0:00:00]} 41. Rb8+ {[%emt 0:00:00]} Ke7 {[%emt 0:00:02]} 42. d8=Q+ {[%emt 0:00:00]} Ke6 {[%emt 0:00:00]} 43. Rc8 {[%emt 0:00:01]} Ke5 {[%emt 0:00:00]} 44. Qd7 {[%emt 0:00:00]} Rc2+ {[%emt 0:00:01]} 45. Kg3 {[%emt 0:00:00]} Rxg2+ {[%emt 0:00:01]} 46. Kxg2 {[%emt 0:00:02]} Kf4 {[%emt 0:00:00]} 47. Kf2 {[%emt 0:00:00]} g4 {[%emt 0:00:01]} 48. Re8 {[%emt 0:00:00]} g3+ {[%emt 0:00:00]} 49. Kg1 {[%emt 0:00:01]} Kg5 {[%emt 0:00:00] .} 0-1

[Event "178th Stay Safe Play From Home series"]
[Site "T#646379Emanuel Laske"]
[Date "2020.05.27"]
[Round "3"]
[White "Tunca"]
[Black "Weltszmerc"]
[Result "0-1"]
[WhiteElo "1854"]
[BlackElo "2060"]
[Annotator "RC"]
[PlyCount "90"]
[EventDate "2020.05.27"]
[EventType "swiss (blitz)"]

1. e4 {[%emt 0:00:01]} Nf6 {[%emt 0:00:00]} 2. Nc3 {[%emt 0:00:02]} d5 {[%emt 0:00:01]} 3. exd5 {[%emt 0:00:01]} Nxd5 {[%emt 0:00:00]} 4. d4 {[%emt 0:00:00]} Nxc3 {[%emt 0:00:01]} 5. bxc3 {[%emt 0:00:00]} c6 {[%emt 0:00:00]} 6. Bd3 {[%emt 0:00:01]} g6 {[%emt 0:00:01]} 7. Nf3 {[%emt 0:00:00]} Bg7 {[%emt 0:00:00]} 8. O-O {[%emt 0:00:00]} O-O {[%emt 0:00:00]} 9. Re1 {[%emt 0:00:00]} Nd7 {[%emt 0:00:00]} 10. Bf4 {[%emt 0:00:01]} Nf6 {[%emt 0:00:01]} 11. h3 {[%emt 0:00:01]} Nd5 {[%emt 0:00:00]} 12. Bg5 {[%emt 0:00:03]} f6 {[%emt 0:00:01]} 13. Bh4 {[%emt 0:00:01]} Nxc3 {[%emt 0:00:00]} 14. Qd2 {[%emt 0:00:03]} Nd5 {[%emt 0:00:00]} 15. c4 {[%emt 0:00:02]} Nc7 {[%emt 0:00:02]} 16. Qe3 {[%emt 0:00:07]} Re8 {[%emt 0:00:01]} 17. Rad1 {[%emt 0:00:01]} Bd7 {[%emt 0:00:01]} 18. Bc2 {[%emt 0:00:02]} e6 {[%emt 0:00:00]} 19. Bb3 {[%emt 0:00:01]} Qe7 {[%emt 0:00:01]} 20. Ne5 {[%emt 0:00:01]} Rad8 {[%emt 0:00:04]} 21. Rd2 {[%emt 0:00:08]} Qf8 {[%emt 0:00:03]} 22. Red1 {[%emt 0:00:00]} Bc8 {[%emt 0:00:01]} 23. Nf3 {[%emt 0:00:02]} h6 {[%emt 0:00:02]} 24. Bg3 {[%emt 0:00:01]} g5 {[%emt 0:00:01]} 25. Re1 {[%emt 0:00:01]} Rd7 {[%emt 0:00:00]} 26. c5 {[%emt 0:00:03]} Na6 {[%emt 0:00:01]} 27. Bd6 {[%emt 0:00:03]} Rxd6 {[%emt 0:00:02]} 28. cxd6 {[%emt 0:00:00]} Qxd6 {[%emt 0:00:00]} 29. Qc3 {[%emt 0:00:01]} Nb4 {[%emt 0:00:01]} 30. a3 {[%emt 0:00:02]} Nd5 {[%emt 0:00:01]} 31. Qc2 {[%emt 0:00:01]} Qf4 {[%emt 0:00:02]} 32. Rde2 {[%emt 0:00:01]} Qd6 {[%emt 0:00:01]} 33. Qd2 {[%emt 0:00:01]} Bd7 {[%emt 0:00:01]} 34. Qc2 {[%emt 0:00:01]} Nf4 {[%emt 0:00:01]} 35. Rd2 {[%emt 0:00:01]} Nd5 {[%emt 0:00:01]} 36. Red1 {[%emt 0:00:01]} Bf8 {[%emt 0:00:01]} 37. Re2 {[%emt 0:00:00]} Bg7 {[%emt 0:00:01]} 38. Nd2 {[%emt 0:00:01]} b5 {[%emt 0:00:00]} 39. Ne4 {[%emt 0:00:00]} Qc7 {[%emt 0:00:01]} 40. Nc5 {[%emt 0:00:01]} Bc8 {[%emt 0:00:00]} 41. Rde1 {[%emt 0:00:01]} a5 {[%emt 0:00:01]} 42. Qd1 {[%emt 0:00:01]} a4 {[%emt 0:00:01]} 43. Ba2 {[%emt 0:00:00]} Nc3 {[%emt 0:00:01]} 44. Qa1 {[%emt 0:00:00]} Nxe2+ {[%emt 0:00:01]} 45. Rxe2 {[%emt 0:00:01]} Kh8 {[%emt 0:00:00] Time (Lag: Av=0.84s, max=1.1s)} 0-1